| 000 | 00791nam a2200265 a 4500 | ||
|---|---|---|---|
| 001 | 51015 | ||
| 003 | BD-RjUL | ||
| 005 | 20211209075610.0 | ||
| 008 | 160829s1964 pk 000 0 eng | ||
| 035 | _a(BD-RjUL) | ||
| 040 |
_aDLC _cDLC _dBD-RjUL _beng |
||
| 041 | 1 | _aengben | |
| 082 |
_223 _a891.44 _bSHS 1964 |
||
| 100 | 0 |
_aShah, Lalon _d1774-1890. _9143133 |
|
| 245 | 1 | 0 |
_aSongs of Lalon Shah / _cLalon Shah Translated by Abu Rushd |
| 250 | _a1st ed. | ||
| 260 |
_aDacca : _bBengali Academy, _c1964 |
||
| 300 |
_a79 p. ; _c22 cm. |
||
| 350 | _a3.25 | ||
| 500 | _aTranslations into English. . | ||
| 600 |
_aLālana Śāha, _d1774-1890 _9181432 |
||
| 650 |
_aSongs, Bengal _vTranslations into English. _9152636 |
||
| 700 | 0 |
_aRushd, Abu _d1919-2010. _9152637 |
|
| 942 |
_2ddc _cBK |
||
| 999 |
_c51015 _d51015 |
||